| 000 | 00641nam a2200253Ia 4500 | ||
|---|---|---|---|
| 005 | 20250425162352.0 | ||
| 008 | 250425s9999 xx 000 0 und d | ||
| 020 | _a0135763800 | ||
| 041 | _aeng | ||
| 082 | _a624.151 | ||
| 100 | _aCODUTO, DONALD P. | ||
| 245 | 0 | _aGEOTECHNICAL ENGINEERING: PRINCIPLES AND PRACTICES | |
| 250 | _a1ST ED. | ||
| 260 |
_aEstados Unidos _bPRENTICE-HALL _c1999 |
||
| 260 | _aS.L. | ||
| 300 | _a759 | ||
| 650 | _aAGUA SUBTERRANEA | ||
| 650 | _aCIMENTACIONES | ||
| 650 | _aINGENIERIA GEOLOGICA | ||
| 650 | _aSUELOS-CLASIFICACION | ||
| 650 | _aSUELOS-COMPOSICION | ||
| 942 | _c01 | ||
| 010 | _a66531 | ||
| 999 |
_c227840 _d227840 |
||